000
00250nam a2200097Ia 4500
001
724523
005
20250826163352.0
008
250824s9999 xx 000 0 und d
245
0
_a
SOKAKLARIN ÇOCUĞU SUÇLU 2
_c
ORHAN KEMAL
260
_b
EVEREST YAYINLARI
999
_c
724523
_d
724523